| 000 | 00631nam a2200181 a 4500 | ||
|---|---|---|---|
| 005 | 20231123063603.0 | ||
| 008 | 991125s1994 mx 000 0 spa u | ||
| 020 | _a9682960037 | ||
| 035 | _aUPN01000005155 | ||
| 049 | _aLTG | ||
| 050 | 4 |
_aLB1571 _bM6.3 1994 LM |
|
| 245 | 0 | 0 |
_aAvance programático : _btercer grado : educación básica : primaria / _ccoord. Elisa Bonilla Rius. |
| 260 |
_aMéxico : _bSEP, Comisión Nacional de los Libros de Texto Gratuitos, _c1994. |
||
| 300 | _a82 p. | ||
| 650 | 4 |
_aEducación primaria _zMéxico _xPlanes y programas _99975 |
|
| 700 | 1 |
_aBonilla Rius, Elisa, _d1956- _ecoord. _932629 |
|
| 905 | _aLibro | ||
| 999 |
_c5155 _d5155 |
||